| 000 | 01105cam a22003137a 4500 | ||
|---|---|---|---|
| 003 | CHAP | ||
| 005 | 20220329135011.0 | ||
| 008 | 971013s1972 mx a r 00010 spa d | ||
| 010 | _a29331 | ||
| 011 | _a30303 | ||
| 035 | _a34415 | ||
| 040 | _cCHAP | ||
| 082 | 0 | 0 |
_a627.125 _bM3 |
| 100 | 0 | 0 |
_aMaderey Rascón, Laura Elena. _969671 |
| 245 | 1 | 0 | _aBalance hidrológico de la cuenca del río Tizar durante el período 1967-1968 |
| 260 |
_aMéxico, D.F. : _bUniversidad Nacional Autónoma de México. Instituto de Geografía, _c1972 |
||
| 300 |
_a133 p. _b: ilus. ; gráfs |
||
| 590 |
_aBATCH-UPD _b10 _c20130110 _lUCH01 _h0912 |
||
| 590 |
_aBATCH-UPD _b10 _c20130410 _lUCH01 _h0537 |
||
| 590 |
_aBATCH-UPD _b10 _c20130914 _lUCH01 _h1614 |
||
| 590 |
_aCONVERSION _b10 _c20130109 _lUCH01 _h1317 |
||
| 650 | 1 | 4 |
_aHidrología. _955257 |
| 650 | 1 | 4 |
_aMeteorología _xMéxico (Edo.) _975207 |
| 650 | 1 | 4 |
_aRío Tizar. _999153 |
| 710 | 0 |
_aComisión Hidrológica de la Cuenca del Valle de México. _925733 |
|
| 901 | _aBK | ||
| 942 | _cLIBRO | ||
| 949 |
_a627.125 M3 _bBC _cLIBRO _d33724000021416 _eLIBRO _h41584 _i34415 _mD _si |
||
| 999 |
_c29331 _d29331 |
||